[Event "Wch FIDE Online U10 Girls Europe qual"]
[Site "Tornelo INT"]
[Date "2020.12.08"]
[Round "5"]
[White "Rudzinskaite, Ula"]
[Black "Atanasova, Tsvetina"]
[Result "0-1"]
[WhiteElo "1113"]
[BlackElo "1186"]
[PlyCount "90"]
[EventDate "2020.12.07"]
[EventType "swiss (rapid)"]
[EventRounds "7"]
[EventCountry "ISS"]
[SourceTitle "EXT 2022"]
[Source "ChessBase"]
[SourceDate "2021.10.06"]
[SourceVersion "1"]
[SourceVersionDate "2021.10.06"]
[SourceQuality "1"]

1. d4 Nf6 2. Bf4 g6 3. Nf3 Bg7 4. e3 d6 5. Bd3 Bg4 6. 0-0 Nbd7 7. h3 Be6 8. Ng5 Bd5 9. c4 Be6 10. d5 Bf5 11. e4 h6 12. Nxf7 Kxf7 13. exf5 gxf5 14. Bxf5 Nc5 15. Nc3 Re8 16. Qc2 Kg8 17. Be6+ Nxe6 18. dxe6 Rf8 19. Qg6 Kh8 20. Bxh6 Rg8 21. Ne2 Bxh6 22. Qxh6+ Nh7 23. Nf4 Qe8 24. h4 Rg7 25. h5 Kg8 26. Ng6 c5 27. Qe3 Nf6 28. f4 Nxh5 29. f5 Nf6 30. Qh6 Rh7 31. Qg5 Rh5 32. Nxe7+ Kh7 33. Qxf6 Rh6 34. Qf7+ Qxf7 35. exf7 Kg7 36. Ng6 Kxf7 37. Nf4 Rah8 38. Nd5 Rh1+ 39. Kf2 R1h2 40. Kg3 R2h7 41. f6 Rg8+ 42. Kf2 Rh2 43. Ke1 Rhxg2 44. Ne7 R8g3 45. Rd1 Re3# 0-1

[Event "Wch FIDE Online U10 Girls Europe qual"]
[Site "Tornelo INT"]
[Date "2020.12.07"]
[Round "1"]
[White "Atanasova, Tsvetina"]
[Black "Goriachkina, Oksana"]
[Result "0-1"]
[WhiteElo "1186"]
[BlackElo "1315"]
[PlyCount "126"]
[EventDate "2020.12.07"]
[EventType "swiss (rapid)"]
[EventRounds "7"]
[EventCountry "ISS"]
[SourceTitle "EXT 2022"]
[Source "ChessBase"]
[SourceDate "2021.10.06"]
[SourceVersion "1"]
[SourceVersionDate "2021.10.06"]
[SourceQuality "1"]

1. d4 d5 2. c4 c6 3. Nf3 Nf6 4. Nc3 e6 5. e3 Be7 6. Qc2 b6 7. Bd3 h6 8. Bd2 Bb7 9. Ne5 Nbd7 10. Nf3 c5 11. dxc5 Bxc5 12. Nb5 a6 13. Nbd4 e5 14. b4 Bxd4 15. exd4 e4 16. Bxe4 dxe4 17. Ne5 Nxe5 18. dxe5 Nd7 19. Bc3 0-0 20. 0-0-0 Qe7 21. Qb2 Rfe8 22. e6 fxe6 23. Rd2 Nf6 24. Rhd1 Rad8 25. Rxd8 Rxd8 26. Rxd8+ Qxd8 27. c5 Bd5 28. cxb6 Kf7 29. Bd4 Qc8+ 30. Kb1 Qd7 31. Qa3 Bc4 32. Bxf6 gxf6 33. Qc3 Bd5 34. Qa3 Qb7 35. Qe3 Kg7 36. Qc5 Qd7 37. Qa5 Qb5 38. Qxb5 axb5 39. Kc2 Kf7 40. Kc3 Ke7 41. Kd4 Kd6 42. a3 Kc6 43. g3 Kxb6 44. Ke3 e5 45. f4 exf3 46. Kf2 e4 47. h4 Kc6 48. Ke3 Kd6 49. Kf2 Ke5 50. Ke3 f5 51. Kf2 h5 52. Ke3 Bc6 53. Kf2 f4 54. gxf4+ Kxf4 55. Ke1 e3 56. a4 bxa4 57. Kd1 f2 58. Ke2 Bb5+ 59. Kd1 f1Q+ 60. Kc2 Qd3+ 61. Kb2 Qb3+ 62. Kc1 Bd3 63. b5 Qb1# 0-1

[Event "Wch FIDE Online U10 Girls Europe qual"]
[Site "Tornelo INT"]
[Date "2020.12.07"]
[Round "2"]
[White "Saprykava, Hanna"]
[Black "Atanasova, Tsvetina"]
[Result "1-0"]
[WhiteElo "1151"]
[BlackElo "1186"]
[PlyCount "41"]
[EventDate "2020.12.07"]
[EventType "swiss (rapid)"]
[EventRounds "7"]
[EventCountry "ISS"]
[SourceTitle "EXT 2022"]
[Source "ChessBase"]
[SourceDate "2021.10.06"]
[SourceVersion "1"]
[SourceVersionDate "2021.10.06"]
[SourceQuality "1"]

1. d4 Nf6 2. Nf3 g6 3. c4 Bg7 4. Nc3 d6 5. e4 Bg4 6. Be2 Nbd7 7. Bf4 c5 8. d5 Nb6 9. b3 0-0 10. 0-0 e5 11. dxe6 Bxe6 12. Qd2 Nxe4 13. Nxe4 Bxa1 14. Rxa1 d5 15. cxd5 Nxd5 16. Bh6 Re8 17. Qb2 f6 18. Bc4 Re7 19. Bxd5 Bxd5 20. Nxf6+ Kf7 21. Ng5# 1-0

[Event "Online Friendship U12"]
[Site "Tornelo INT"]
[Date "2020.11.21"]
[Round "6.4"]
[White "Atanasova, Tsvetina"]
[Black "Krauchonak, Miraslau"]
[Result "0-1"]
[WhiteElo "1186"]
[BlackElo "1267"]
[PlyCount "62"]
[EventDate "2020.11.21"]
[EventType "team-swiss"]
[EventRounds "7"]
[EventCountry "BLR"]
[SourceTitle "CBM 199 Extra"]
[Source "ChessBase"]
[SourceDate "2021.01.31"]
[SourceVersion "1"]
[SourceVersionDate "2021.01.31"]
[SourceQuality "1"]
[WhiteTeam "Bulgaria"]
[BlackTeam "Belarus Gomel"]
[WhiteTeamCountry "BUL"]
[BlackTeamCountry "BLR"]

1. d4 Nf6 2. c4 e6 3. Nf3 b6 4. Nc3 Bb7 5. Bf4 Be7 6. Nb5 d6 7. e3 0-0 8. Bd3 c5 9. 0-0 a6 10. Nc3 cxd4 11. exd4 d5 12. cxd5 Nxd5 13. Nxd5 Bxd5 14. Ng5 Bxg5 15. Bxb8 Qxb8 16. Qh5 Bh6 17. g4 Qf4 18. f3 Qxd4+ 19. Rf2 Qxd3 20. g5 Qg6 21. Qxg6 fxg6 22. gxh6 gxh6 23. f4 Rac8 24. h4 g5 25. hxg5 hxg5 26. fxg5 Rxf2 27. Kxf2 Rc2+ 28. Ke3 Rxb2 29. a3 Kg7 30. Kf4 Kg6 31. Rh1 Bxh1 0-1

[Event "Online Friendship U12"]
[Site "Tornelo INT"]
[Date "2020.11.21"]
[Round "3.4"]
[White "Atanasova, Tsvetina"]
[Black "Yuan, Zhilin"]
[Result "0-1"]
[WhiteElo "1186"]
[BlackElo "1693"]
[PlyCount "52"]
[EventDate "2020.11.21"]
[EventType "team-swiss"]
[EventRounds "7"]
[EventCountry "BLR"]
[SourceTitle "CBM 199 Extra"]
[Source "ChessBase"]
[SourceDate "2021.01.31"]
[SourceVersion "1"]
[SourceVersionDate "2021.01.31"]
[SourceQuality "1"]
[WhiteTeam "Bulgaria"]
[BlackTeam "China"]
[WhiteTeamCountry "BUL"]
[BlackTeamCountry "CHN"]

1. d4 d5 2. c4 e6 3. cxd5 exd5 4. Nf3 Nf6 5. Bg5 Be7 6. Nc3 c6 7. Qc2 Be6 8. e3 0-0 9. Bd3 h6 10. Bxf6 Bxf6 11. Bh7+ Kh8 12. Bd3 Qe7 13. 0-0-0 b5 14. a3 a5 15. h3 Nd7 16. g4 b4 17. axb4 axb4 18. Na4 b3 19. Qxb3 Rfb8 20. Qc2 Qb4 21. Nc3 c5 22. dxc5 Nxc5 23. Rhe1 Nb3+ 24. Qxb3 Qxb3 25. Bc2 Qxb2+ 26. Kd2 Bxc3+ 0-1